Vista normal
Vista MARC
Entrada Materia (personas)
Número de registros utilizados en: 1
001 - CONTROL NUMBER
- control field: 73032
003 - CONTROL NUMBER IDENTIFIER
- control field: Co-BoUCM
005 - DATE AND TIME OF LATEST TRANSACTION
- control field: 20151030150450.0
008 - FIXED-LENGTH DATA ELEMENTS
- fixed length control field: 151030|| aca||aabn | a|a d
040 ## - CATALOGING SOURCE
- Original cataloging agency: Co-BoUCM
- Transcribing agency: Co-BoUCM
100 ## - HEADING--PERSONAL NAME
- Personal name: Poch, Assumpta
670 ## - SOURCE DATA FOUND
- Source citation: Work cat.: (Co-BoUCM)62979: La composición escrita (de 3 a 16 años), 2004